00780nam a2200229Ia 4500001000600000003000900006008004100015040001300056040001300069041001300082100003100095100002900126245011100155245008700266250001100353260001100364260001200375260004900387300005900436650002400495650003100519 9645IT-RoPAU130308s9999 xx 000 0 und d aIT-RoPAU cIT-RoPAU aITALIANO aPellegrino Ceccarelli Alba gCodice Aut. SPICS: 2756 a"Passage de Milan o ""passage de mille ans""?-Ipotesi di lettura semiologica di un testo di Michel Butor" bMaterialita' del testo (La)-Ricerca interdisciplinare Sulle Pratiche Significanti a1a ed. aVERONA bBertani c1977 [1° Ed.:1977 - Ed.Ling.Originale:1977] a"20 p. (prefazione: no ; testo: 20 [pagine: 232-251])" aSAGGI DI SEMIOLOGIA eCodice materia Spics: 3257